Kpop song has “ girl” in their titles - Statistics

General Stats
  • This quiz has been taken 36 times
  • The average score is 5 of 15
Answer Stats
Hint Answer % Correct
Aespa Girl
94%
Blackpink The girls
85%
Blackpink Lovesick girls
58%
Wonder girls Girls girls
45%
Got7 Girls girls girls
45%
Miss A Bad girl good girl
42%
Itzy Girls will be girls
42%
Katseye Mean girls
30%
Snsd Girls’ generation
27%
TripleS Girls never die
24%
Blackpink Typa girl
15%
Bts 21st century girl
12%
Twice Brand new girl
6%
Exo Girl x friend
6%
Shinee Dream girl
3%
No matching quizzes found
Score Distribution
Percent of People with Each Score
Percentile by Number Answered
Your Score History
You have not taken this quiz